000 00619nam a2200217 i 4500
001 C2-0299902
003 PPAK
005 20180728081504.0
008 090914s my |||| ||||| | may d
040 _aPPAK
_beng
_cPPAK
_erda
082 0 4 _a398.9992
_223
090 0 0 _a398.9992
_bDJA
_dKIH
100 0 _aHoesein djajadiningrat,
_cProf. Dr. r. a.
_eauthor
245 1 0 _aArti pantun melayu yang gaib
264 1 _aPetaling Jaya, Selangor :
_bZaman Baru Limited ,
300 _a32 pages ;
_c18 cm
336 _2rdacontent
_atext
337 _2rdamedia
_aunmediated
338 _2rdacarrier
_avolume
942 _ddc
_cB
999 _c103822
_d103822